popularni zawodnicy UFC - Statystyki

Ogólne statystyki
  • Ten quiz został rozwiązany 991 razy
  • Średni wynik to 27 z 91
Statystyki odpowiedzi
skąd on pochodzi zawodnicy % Poprawnych
Dublin, Irlandia Conor McGregor
90%
Sil'di, Rosja Khabib Nurmagomedov
84%
Cieszyn, Polska Jan Błachowicz
83%
Nowy Jork, Stany Zjednoczone Jon Jones
81%
Lagos, Nigeria Israel Adesanya
76%
São Paulo, Brazylia Charles Oliveira
73%
Kudowa-Zdrój, Polska Mateusz Gamrot
72%
Machaczkała, Rosja Islam Makhachev
70%
São Paulo, Brazylia Alexsandro Pereira
66%
Auchi, Nigeria Kamaru Usman
65%
Luizjana, Stany Zjednoczone Dustin Poirier
63%
Hawaje, Stany Zjednoczone Max Holloway
60%
City of Shellharbour, Australia Alexander Volkanovski
57%
Czeczenia, Rosja khamzat chimaev
57%
Amazonas, Brazylia José Aldo
53%
Machaczkała, Rosja Magomed Ankalaev
52%
Luizjana, Stany Zjednoczone Daniel Cormier
50%
Saint-Isidore, Kanada Georges St-Pierre
49%
Arizona, Stany Zjednoczone Justin Gaethje
49%
Dudinka, Rosja Petr Yan
48%
Batié, Kamerun Francis Ngannou
47%
Hostěradice, Czechy Jiří Procházka
46%
Parana, Brazylia Wanderlei Silva
44%
Kingston, Jamajka Leon Edwards
43%
Ohio, Stany Zjednoczone Stipe Miocic
43%
Montana, Stany Zjednoczone Sean O'Malley
42%
Nowy Jork, Stany Zjednoczone Aljamain Sterling
41%
Kalifornia, Stany Zjednoczone Nate Diaz
41%
Kalifornia, Stany Zjednoczone Nick Diaz
39%
Kalifornia, Stany Zjednoczone Tony Ferguson
39%
Tijuana, Meksyk Brandon Moreno
38%
Missouri, Stany Zjednoczone Michael Chandler
38%
Minas Gerais, Brazylia Glover Teixeira
36%
La Roche-sur-Yon, Francja Ciryl Gane
35%
Kentucky, Stany Zjednoczone Demetrious Johnson
35%
Minas Gerais, Brazylia Paulo Costa
32%
Floryda, Stany Zjednoczone Jorge Masvidal
31%
São Paulo, Brazylia Anderson Silva
30%
Georgia, Stany Zjednoczone Anthony Johnson
30%
Dakota Południowa, Stany Zjednoczone Brock Lesnar
30%
Auckland, Nowa Zelandia Robert Whittaker
29%
Wiedeń, Austria Aleksandar Rakić
26%
Arboga, Szwecja Alexander Gustafsson
26%
Kalifornia, Stany Zjednoczone Colby Covington
26%
Kalifornia, Stany Zjednoczone T.J. Dillashaw
25%
Kalifornia, Stany Zjednoczone Henry Cejudo
24%
Pinar del Río, Kuba Yoel Romero
24%
Michigan, Stany Zjednoczone Dan Severn
21%
Nikozja, Cypr Michael Bisping
20%
Luizjana, Stany Zjednoczone Eddie Alvarez
19%
Luizjana, Stany Zjednoczone Derrick Lewis
18%
Rio de Janeiro, Brazylia Gilbert Burns
18%
Hounslow, Wielka Brytania Alistair Overeem
17%
Iowa, Stany Zjednoczone Ben Askren
17%
Kolorado, Stany Zjednoczone Donald "Cowboy" Cerrone
17%
Kalifornia, Stany Zjednoczone Dominick Reyes
16%
Kalifornia, Stany Zjednoczone Brian Ortega
15%
Ohio, Stany Zjednoczone Cody Garbrandt
15%
Rio de Janeiro, Brazylia Edson Barboza
15%
Missouri, Stany Zjednoczone Tyron Woodley
15%
Kalifornia, Stany Zjednoczone Dominick Cruz
14%
Arizona, Stany Zjednoczone Don Frye
14%
Hawaje, Stany Zjednoczone B.J. Penn
13%
Kalifornia, Stany Zjednoczone Cain Velasquez
13%
Santa Catarina, Brazylia Junior dos Santos
13%
Kalifornia, Stany Zjednoczone Chuck Liddell
12%
Wisconsin, Stany Zjednoczone Anthony Pettis
11%
Kalifornia, Stany Zjednoczone Luke Rockhold
11%
Chasawjurt, Rosja Zabit Magomedsharipov
11%
Teksas, Stany Zjednoczone Jared Cannonier
10%
Illinois, Stany Zjednoczone Curtis Blaydes
9%
Rubiżne, Ukraina Fedor Emelianenko
9%
Bahia, Brazylia Lyoto Machida
9%
Kalifornia, Stany Zjednoczone Robbie Lawler
9%
Nowy Jork, Stany Zjednoczone Chris Weidman
8%
Kalifornia, Stany Zjednoczone Tito Ortiz
8%
Rio de Janeiro, Brazylia Vitor Belfort
8%
Illinois, Stany Zjednoczone CM Punk
7%
New Jersey, Stany Zjednoczone Frankie Edgar
7%
Kalifornia, Stany Zjednoczone Frank Shamrock
7%
Nassau, Bahamy Kimbo Slice
7%
Auckland, Nowa Zelandia Mark Hunt
7%
Rio de Janeiro, Brazylia Royce Gracie
7%
Nevada, Stany Zjednoczone Ryan Bader
7%
Parana, Brazylia Shogun Rua
7%
Illinois, Stany Zjednoczone Matt Hughes
6%
Waszyngton, Stany Zjednoczone Randy Couture
6%
Ohio, Stany Zjednoczone Rich Franklin
6%
Georgia, Stany Zjednoczone Ken Shamrock
5%
Rio de Janeiro, Brazylia Marlon Moraes
4%
Iowa, Stany Zjednoczone Pat Miletich
3%
Nie znaleziono quizów pasujących do podanych kryteriów
Rozkład punktacji
Procent ludzi z każdym wynikiem
Percentyl według liczby udzielonych odpowiedzi
Twoja historia wyników
Nie rozwiązałeś tego quizu